U.S.-China relations in the "Asia-Pacific" century / (Record no. 12518)
[ view plain ]
| 000 -LEADER | |
|---|---|
| fixed length control field | 01344nam a2200349 a 4500 |
| 001 - CONTROL NUMBER | |
| JCCL Control Number | 15153135 |
| 003 - CONTROL NUMBER IDENTIFIER | |
| JCCL marc code | BD-JhCC |
| 005 - DATE AND TIME OF LATEST TRANSACTION | |
| control field | 20220612125707.0 |
| 008 - FIXED-LENGTH DATA ELEMENTS--GENERAL INFORMATION | |
| fixed length control field | 080124s2008 nyu b 001 0 eng |
| 020 ## - INTERNATIONAL STANDARD BOOK NUMBER | |
| International Standard Book Number | 0230604552 |
| 020 ## - INTERNATIONAL STANDARD BOOK NUMBER | |
| International Standard Book Number | 9780230604551 |
| 035 ## - SYSTEM CONTROL NUMBER | |
| system control number | (BD-JhCC)12518 |
| 040 ## - CATALOGING SOURCE | |
| Original cataloging agency | DLC |
| Transcribing agency | DLC |
| Modifying agency | BTCTA |
| -- | BAKER |
| -- | YDXCP |
| -- | OCLCG |
| -- | C#P |
| -- | BWX |
| -- | CDX |
| -- | HEBIS |
| -- | W2U |
| -- | DLC |
| -- | BD-JhCC |
| 041 ## - LANGUAGE CODE | |
| Language code of Book | eng |
| 050 00 - LIBRARY OF CONGRESS CALL NUMBER | |
| Classification number | E183.8.C5 |
| Item number | A665 2008 |
| 082 00 - DEWEY DECIMAL CLASSIFICATION NUMBER | |
| Classification number | 327.73051 |
| DDC Edition number | 22 |
| Author mark and Year | ALI 2008 |
| 100 1# - MAIN ENTRY--PERSONAL NAME | |
| Personal name | Ali, S. Mahmud, |
| Dates associated with a name | 1952- |
| 245 10 - TITLE STATEMENT | |
| Title | U.S.-China relations in the "Asia-Pacific" century / |
| Statement of responsibility, etc | S. Mahmud Ali. |
| 246 3# - VARYING FORM OF TITLE | |
| Title proper/short title | US-China relations in the "Asia-Pacific" century |
| 250 ## - EDITION STATEMENT | |
| Edition statement | 1st ed. |
| 260 ## - PUBLICATION, DISTRIBUTION, ETC. (IMPRINT) | |
| Place of publication, distribution, etc | New York, NY : |
| Name of publisher, distributor, etc | Palgrave Macmillan, |
| Date of publication, distribution, etc | 2008. |
| 300 ## - PHYSICAL DESCRIPTION | |
| Pagination | xvi, 268 p. ; |
| Dimensions | 22 cm. |
| 504 ## - BIBLIOGRAPHY, ETC. NOTE | |
| Bibliography, etc | Includes bibliographical references (p. [259]-261) and index. |
| 505 0# - FORMATTED CONTENTS NOTE | |
| Formatted contents note | The Clinton roller coaster -- Turbulent times -- Reassessment and renewal -- Look back in bewilderment -- Peer-rivals and deterrence -- Strategic triangles. |
| 651 #0 - SUBJECT ADDED ENTRY--GEOGRAPHIC NAME | |
| Geographic name | United States |
| General subdivision | Foreign relations |
| Geographic subdivision | China. |
| 651 #0 - SUBJECT ADDED ENTRY--GEOGRAPHIC NAME | |
| Geographic name | China |
| General subdivision | Foreign relations |
| Geographic subdivision | United States. |
| 651 #0 - SUBJECT ADDED ENTRY--GEOGRAPHIC NAME | |
| Geographic name | United States |
| General subdivision | Relations |
| Geographic subdivision | China. |
| 651 #0 - SUBJECT ADDED ENTRY--GEOGRAPHIC NAME | |
| Geographic name | China |
| General subdivision | Relations |
| Geographic subdivision | United States. |
| 651 #0 - SUBJECT ADDED ENTRY--GEOGRAPHIC NAME | |
| Geographic name | Pacific Area |
| General subdivision | Strategic aspects. |
| 651 #0 - SUBJECT ADDED ENTRY--GEOGRAPHIC NAME | |
| Geographic name | Asia |
| General subdivision | Strategic aspects. |
| 942 ## - ADDED ENTRY ELEMENTS (KOHA) | |
| Source of classification or shelving scheme | Dewey Decimal Classification |
| Koha item type | Books |
| Source of classification or shelving scheme | Damaged status | Not for loan | Home library | Current library | Shelving location | Date of accession | Total Checkouts | Full call number | Barcode | Date last seen | Copy number | Koha item type |
|---|---|---|---|---|---|---|---|---|---|---|---|---|
| Dewey Decimal Classification | JCC Rouf Library | JCC Rouf Library | General Stacks | 06/12/2022 | 327.73051 ALI 2008 | 17373 | 06/12/2022 | C-1 | Books |